[Event "K41 Aabent Mesterskab 2007-08"]
[Site "Valby"]
[Date "2007.11.13"]
[Round "1"]
[White "Brorsen, Jacob Abildlund"]
[Black "Jorgensen, Orla Eilegaard"]
[Result "1/2-1/2"]
[WhiteElo "1804"]
[BlackElo "1447"]
[PlyCount "75"]
[EventDate "2007.??.??"]

1. d4 Nf6 2. Nf3 d5 3. g3 c5 4. Bg2 Nc6 5. O-O cxd4 6. Nxd4 e6 7. c4 Bc5 8.
Nxc6 bxc6 9. Nc3 h6 10. cxd5 cxd5 11. e4 Bb7 12. Qa4+ Qd7 13. Qxd7+ Kxd7 14.
Rd1 Rhd8 15. exd5 exd5 16. Nxd5 Nxd5 17. Bxd5 Bxd5 18. Rxd5+ Kc6 19. Rxd8 Rxd8
20. Bf4 g5 21. Be5 Rd2 22. Rc1 Kd5 23. Bc3 Rxf2 24. Kh1 Ke4 25. Bg7 Be3 26. Re1
h5 27. a4 Kf3 28. b4 Bd2 29. Rb1 h4 30. Be5 Re2 31. Rf1+ Kg4 32. Bd6 hxg3 33.
Bxg3 f5 34. Bf2 Kh3 35. Bxa7 Rxh2+ 36. Kg1 Rg2+ 37. Kh1 Rh2+ 38. Kg1 1/2-1/2

[Event "K41 Aabent Mesterskab 2007-08"]
[Site "Valby"]
[Date "2007.11.13"]
[Round "1"]
[White "Christensen, Esben"]
[Black "Abildgaard, Kenneth"]
[Result "1/2-1/2"]
[WhiteElo "1984"]
[BlackElo "1561"]
[PlyCount "101"]
[EventDate "2007.??.??"]

1. e4 e5 2. Nf3 Nc6 3. Bc4 Bc5 4. c3 Nf6 5. d3 h6 6. O-O d6 7. Re1 Bg4 8. Nbd2
Na5 9. Bb5+ c6 10. Ba4 b5 11. b4 bxa4 12. bxc5 dxc5 13. Qxa4 Nd7 14. h3 Be6 15.
d4 cxd4 16. cxd4 f6 17. dxe5 Nxe5 18. Nxe5 fxe5 19. Nb3 Nxb3 20. Qxc6+ Kf7 21.
axb3 Re8 22. Bb2 Qg5 23. Qc7+ Re7 24. Qxe5 Qxe5 25. Bxe5 Bxb3 26. Ra3 Bc4 27.
Rc1 Bb5 28. Rc5 Rb7 29. Rac3 Re8 30. f3 a6 31. Kf2 Rd7 32. h4 Rd2+ 33. Kg3 g6
34. Bf4 Rb2 35. Bxh6 a5 36. Bc1 Rb1 37. Kf4 a4 38. Kg5 Ke6 39. g4 Be2 40. f4
Rb4 41. Rc7 Rxe4 42. R3c6+ Kd5 43. Rxg6 Rc4 44. Rd7+ Ke4 45. Bb2 Ke3 46. h5 Rb8
47. Be5 Rb5 48. Kh6 Bxg4 49. Rxg4 Rxe5 50. Rg3+ Kxf4 51. Rg6 1/2-1/2

[Event "K41 Aabent Mesterskab 2007-08"]
[Site "Valby"]
[Date "2007.11.13"]
[Round "1"]
[White "Eiholt, Bjarne"]
[Black "Nielsen, John Holm"]
[Result "0-1"]
[WhiteElo "1538"]
[BlackElo "1877"]
[PlyCount "80"]
[EventDate "2007.??.??"]

1. d4 d5 2. c4 c6 3. Nc3 Nf6 4. Bg5 e6 5. cxd5 exd5 6. e3 Be7 7. Bd3 O-O 8. Qc2
h6 9. Bh4 Re8 10. Nge2 Nbd7 11. O-O Ne4 12. Bxe7 Qxe7 13. Rae1 Ndf6 14. Nf4 Qd6
15. f3 Ng5 16. Kh1 Bd7 17. Qf2 Ne6 18. Nxe6 Bxe6 19. Ne2 Rad8 20. Nf4 Bc8 21.
Ne2 Re7 22. Ng3 g6 23. Bb1 Kg7 24. Ne2 b6 25. Nf4 Nh7 26. Qg3 f5 27. Qf2 Rde8
28. Nd3 Ba6 29. Rg1 Bxd3 30. Bxd3 Nf6 31. Qd2 Nh5 32. Re2 Re6 33. Rge1 Qe7 34.
Qc1 Qh4 35. Kg1 Qf6 36. Qd2 f4 37. Kh1 Ng3+ 38. Kg1 Nxe2+ 39. Rxe2 Rxe3 40.
Rxe3 Qxd4 0-1

[Event "K41 Aabent Mesterskab 2007-08"]
[Site "Valby"]
[Date "2007.11.13"]
[Round "1"]
[White "Hansen, Soren Otto"]
[Black "Jorgensen, Kasper Moller"]
[Result "0-1"]
[WhiteElo "1541"]
[BlackElo "1965"]
[PlyCount "66"]
[EventDate "2007.??.??"]

1. e4 e5 2. Nf3 Nc6 3. Bb5 a6 4. Ba4 Nf6 5. O-O Be7 6. Re1 b5 7. Bb3 O-O 8. c3
d5 9. exd5 Nxd5 10. Nxe5 Nxe5 11. Rxe5 c6 12. d4 Bd6 13. Re1 Qh4 14. g3 Qh3 15.
Bxd5 cxd5 16. Qf3 Bf5 17. Qg2 Qg4 18. f3 Qg6 19. Nd2 Rae8 20. Rxe8 Rxe8 21. Nf1
Re1 22. a4 Bd3 23. axb5 Rxf1+ 24. Qxf1 Bxf1 25. bxa6 Bxa6 26. Rxa6 Qb1 27. Rxd6
Qxc1+ 28. Kg2 Qxb2+ 29. Kh3 g6 30. Rd8+ Kg7 31. Rc8 Qe2 32. Rc5 Qxf3 33. c4
Qf1+ 0-1

[Event "K41 Aabent Mesterskab 2007-08"]
[Site "Valby"]
[Date "2007.11.13"]
[Round "1"]
[White "Jorgensen, Carina Eilegaard"]
[Black "Frederiksen, Alan"]
[Result "1-0"]
[WhiteElo "1863"]
[BlackElo "1537"]
[PlyCount "91"]
[EventDate "2007.??.??"]

1. f4 e5 2. fxe5 Nc6 3. Nf3 g5 4. d4 g4 5. Ng5 d5 6. exd6 Bxd6 7. Ne4 Nxd4 8.
Nxd6+ Qxd6 9. e3 Nc6 10. Qxd6 cxd6 11. b3 Nge7 12. Bb2 Rg8 13. a3 Ne5 14. Bb5+
Bd7 15. Bxd7+ Kxd7 16. Rf1 Ke6 17. Nc3 a6 18. Kd2 Rac8 19. Ne4 f5 20. Ng3 Rcf8
21. Rf2 Rf7 22. Rd1 Rgf8 23. Ne2 N7c6 24. Kc1 Ng6 25. Nf4+ Nxf4 26. exf4 Ne7
27. Re2+ Kd7 28. Red2 Nc8 29. Be5 Kc7 30. Bxd6+ Nxd6 31. Rxd6 Re8 32. Rh6 g3
33. hxg3 Re2 34. Rd2 Re1+ 35. Kb2 Re3 36. Rh3 Rg7 37. Rd5 Rf7 38. Rh5 Rxg3 39.
Rhxf5 Rxf5 40. Rxf5 Rxg2 41. Rf7+ Kc6 42. Rxh7 Rf2 43. Rf7 Rf3 44. b4 b6 45. a4
Kd5 46. Rf6 1-0

[Event "K41 Aabent Mesterskab 2007-08"]
[Site "Valby"]
[Date "2007.11.13"]
[Round "1"]
[White "Jorgensen, Rasmus"]
[Black "Brondum, Eric"]
[Result "0-1"]
[WhiteElo "1607"]
[BlackElo "2111"]
[PlyCount "96"]
[EventDate "2007.??.??"]

1. e4 c5 2. Nf3 d6 3. d4 cxd4 4. Nxd4 Nf6 5. Nc3 a6 6. Be3 Ng4 7. Bg5 h6 8. Bh4
g5 9. Bg3 Bg7 10. Qd2 Nc6 11. Nxc6 bxc6 12. Bc4 Rb8 13. Bb3 h5 14. h3 h4 15.
hxg4 hxg3 16. Rxh8+ Bxh8 17. O-O-O Qa5 18. f3 Be6 19. Rh1 Bf6 20. Rh5 Qc5 21.
Rh1 Rb4 22. Ne2 Bxb3 23. axb3 Rxb3 24. c3 a5 25. Nd4 Bxd4 26. Qxd4 Qxd4 27.
cxd4 Rd3 28. Rh8+ Kd7 29. Rh3 Rxd4 30. Rxg3 Ra4 31. Kb1 Rb4 32. Rh3 Rb8 33. Kc2
Ke6 34. Kc3 d5 35. exd5+ cxd5 36. Rh1 Kd6 37. Ra1 Rb5 38. g3 e5 39. Ra4 d4+ 40.
Kc2 Ke6 41. Ra3 f5 42. gxf5+ Kxf5 43. Rd3 Rb4 44. g4+ Kf4 45. b3 a4 46. bxa4
Rxa4 47. Kd2 Ra2+ 48. Ke1 Rc2 0-1

[Event "K41 Aabent Mesterskab 2007-08"]
[Site "Valby"]
[Date "2007.11.13"]
[Round "1"]
[White "Krogh, Soren"]
[Black "Hansen, John Laurids"]
[Result "0-1"]
[WhiteElo "1087"]
[BlackElo "1660"]
[PlyCount "52"]
[EventDate "2007.??.??"]

1. Nf3 d5 2. c4 c6 3. d4 Nf6 4. Nc3 e6 5. Bg5 Nbd7 6. e3 Qa5 7. Qd2 Bb4 8. Bxf6
Nxf6 9. Bd3 dxc4 10. Bc2 Nd5 11. O-O Bxc3 12. bxc3 Qxc3 13. Qxc3 Nxc3 14. Ne5
b5 15. e4 Ne2+ 16. Kh1 Nxd4 17. Bd1 O-O 18. a3 f6 19. Ng4 e5 20. Ne3 Be6 21.
Re1 Rfd8 22. f3 a5 23. Nc2 Nxc2 24. Bxc2 Rd2 25. Rec1 Rad8 26. Rab1 Re2 0-1

[Event "K41 Aabent Mesterskab 2007-08"]
[Site "Valby"]
[Date "2007.11.13"]
[Round "1"]
[White "Lichtenberg, Ivan"]
[Black "Moller, Arne Vagn"]
[Result "0-1"]
[WhiteElo "1244"]
[BlackElo "1723"]
[PlyCount "52"]
[EventDate "2007.??.??"]

1. e4 c5 2. Nf3 d6 3. d4 cxd4 4. Nxd4 Nf6 5. Nc3 a6 6. h3 Qc7 7. Be3 e6 8. Qd2
Be7 9. O-O-O O-O 10. f4 b5 11. Bd3 Bb7 12. g4 b4 13. Nce2 Bxe4 14. Bxe4 Nxe4
15. Qxb4 d5 16. Qe1 a5 17. Nb5 Qc4 18. Nec3 Nxc3 19. Nxc3 Nc6 20. Qe2 Qb4 21.
Qb5 Rfc8 22. Qxb4 axb4 23. Ne2 Rxa2 24. g5 e5 25. fxe5 Nxe5 26. Nd4 Nc4 0-1

[Event "K41 Aabent Mesterskab 2007-08"]
[Site "Valby"]
[Date "2007.11.13"]
[Round "1"]
[White "Lofberg, Jan"]
[Black "Nielsen, Soren Skovso"]
[Result "1-0"]
[WhiteElo "1918"]
[BlackElo "1539"]
[PlyCount "121"]
[EventDate "2007.??.??"]

1. c4 Nf6 2. Nc3 e5 3. g3 c6 4. Bg2 Na6 5. e3 Be7 6. Nge2 O-O 7. O-O d6 8. d4
exd4 9. exd4 d5 10. cxd5 cxd5 11. Nf4 Nc7 12. Qb3 Rb8 13. Ncxd5 Ne6 14. Nxe6
Bxe6 15. Nxf6+ Bxf6 16. d5 Bc8 17. Bf4 Ra8 18. Rfe1 a5 19. d6 Ra6 20. Rac1 Be6
21. Qxb7 Rb6 22. Qc7 Rxb2 23. a4 Bd4 24. Be3 Rb4 25. Bc6 Be5 26. Bc5 Qxc7 27.
dxc7 Bxc7 28. Bxf8 Kxf8 29. Bb5 Bd8 30. Rcd1 Be7 31. Rb1 Rd4 32. Bc6 g6 33.
Rb8+ Kg7 34. Rb7 Kf6 35. Bb5 Bb4 36. Rf1 Rd2 37. Rb6 Bc5 38. Rc6 Rc2 39. Ra6
Bb4 40. Rc6 Bc5 41. Ra6 Bb4 42. Bd7 Ke7 43. Bxe6 fxe6 44. Ra7+ Kf6 45. Rxh7 Ra2
46. Rh4 Rxa4 47. Rb1 g5 48. Rc4 Kf5 49. Kg2 e5 50. h4 g4 51. h5 Ra3 52. h6 Rd3
53. Rh1 Rd8 54. h7 Rh8 55. Rh5+ Kg6 56. Rxe5 Rxh7 57. Rxg4+ Kf6 58. Rb5 Bd2 59.
Rd4 Bb4 60. Rdxb4 axb4 61. Rxb4 1-0

[Event "K41 Aabent Mesterskab 2007-08"]
[Site "Valby"]
[Date "2007.11.13"]
[Round "1"]
[White "Madsen, Poul Henrik"]
[Black "Petersen, Jan Han Il Nam"]
[Result "1-0"]
[WhiteElo "2100"]
[BlackElo "1605"]
[PlyCount "67"]
[EventDate "2007.??.??"]

1. d4 d6 2. Nf3 Nf6 3. c4 g6 4. Nc3 Bg7 5. e4 O-O 6. Be2 e5 7. O-O Nbd7 8. Be3
c6 9. d5 Qe7 10. Nd2 Ne8 11. b4 f5 12. f3 f4 13. Bf2 Ndf6 14. c5 Nh5 15. Nc4
Qg5 16. Re1 Bh3 17. Bf1 Rd8 18. cxd6 Rf6 19. Re2 Bc8 20. Rd2 Bf8 21. dxc6 Nxd6
22. Bc5 Ng3 23. cxb7 Bxb7 24. Bxd6 Nxf1 25. Kxf1 Rc8 26. Qb3 Re6 27. Rad1 Kg7
28. Bxf8+ Kxf8 29. Nd6 Rxd6 30. Rxd6 Qe7 31. Rd7 Qf6 32. R1d6 Ba6+ 33. b5 Bxb5+
34. Qxb5 1-0

[Event "K41 Aabent Mesterskab 2007-08"]
[Site "Valby"]
[Date "2007.11.13"]
[Round "1"]
[White "Nielsen, Jais Norgaard"]
[Black "Nielsen, Michael"]
[Result "0-1"]
[WhiteElo "1584"]
[BlackElo "2058"]
[PlyCount "42"]
[EventDate "2007.??.??"]

1. e4 e6 2. d4 d5 3. exd5 exd5 4. Nf3 Bd6 5. Bd3 Nf6 6. O-O O-O 7. Bg5 Bg4 8.
Nbd2 h6 9. Bh4 Nbd7 10. c3 c5 11. Qb1 Qc7 12. h3 Be6 13. dxc5 Bf4 14. Bxf6 Nxf6
15. b4 Qd7 16. Re1 b6 17. a4 bxc5 18. bxc5 Rfd8 19. Qb5 Qc7 20. Nb3 Rab8 21.
Qa5 Rxb3 0-1

[Event "K41 Aabent Mesterskab 2007-08"]
[Site "Valby"]
[Date "2007.11.13"]
[Round "1"]
[White "Nielsen, Jorgen Kamp"]
[Black "Nielsen, Jens Holm"]
[Result "0-1"]
[WhiteElo "1432"]
[BlackElo "1802"]
[PlyCount "25"]
[EventDate "2007.??.??"]

1. e4 d5 2. exd5 Qxd5 3. Nc3 Qa5 4. d4 Nf6 5. Bd2 c6 6. Nf3 Bg4 7. Bc4 e6 8.
Nd5 Qd8 9. Nxf6+ Qxf6 10. Bg5 Bxf3 11. Bxf6 Bxd1 12. Bxg7 Bxg7 13. Rxd1 0-1

[Event "K41 Aabent Mesterskab 2007-08"]
[Site "Valby"]
[Date "2007.11.13"]
[Round "1"]
[White "Petersen, Steen Brustrup"]
[Black "Hoj, Torben Kjaergaard"]
[Result "1-0"]
[WhiteElo "2136"]
[BlackElo "1622"]
[PlyCount "67"]
[EventDate "2007.??.??"]

1. e4 c5 2. Nf3 d6 3. d4 cxd4 4. Nxd4 Nf6 5. Nc3 a6 6. Bg5 e6 7. f4 Be7 8. Qf3
Qc7 9. O-O-O O-O 10. g4 b5 11. Bxf6 Bxf6 12. g5 Bxd4 13. Rxd4 Bb7 14. Bg2 Nc6
15. Rd2 Rac8 16. Rf1 b4 17. Ne2 Na5 18. Nd4 Nc4 19. Rdf2 Qc5 20. Rd1 e5 21. Nb3
Qb6 22. Re2 a5 23. Nd2 Ba6 24. Nxc4 Rxc4 25. Red2 Rfc8 26. Bh3 R8c7 27. Bf1 Rd4
28. Rxd4 exd4 29. Bxa6 Qxa6 30. Rxd4 Qc6 31. Qd3 Rd7 32. Rc4 Qb7 33. Qd5 Qa6
34. Qb5 1-0

[Event "K41 Aabent Mesterskab 2007-08"]
[Site "Valby"]
[Date "2007.11.13"]
[Round "1"]
[White "Rasmussen, Morten(1956)"]
[Black "Mikkelsen, Henning Peter"]
[Result "1-0"]
[WhiteElo "1753"]
[BlackElo "1287"]
[PlyCount "71"]
[EventDate "2007.??.??"]

1. d4 f5 2. Bg5 Nf6 3. Bxf6 exf6 4. c4 Bb4+ 5. Nc3 Nc6 6. e3 b6 7. Nge2 O-O 8.
Qc2 Ne7 9. Nf4 a5 10. Bd3 Re8 11. O-O Bd6 12. Nfd5 c6 13. Nxe7+ Rxe7 14. Bxf5
g6 15. Bd3 Qc7 16. h3 Rg7 17. Ne4 Be7 18. Rae1 Qb7 19. Qb3 Kh8 20. Nc3 d6 21.
Be4 Be6 22. d5 cxd5 23. Bxd5 Bxd5 24. Nxd5 Bd8 25. Rd1 Rc8 26. Rd2 Rc5 27. Nc3
Rg5 28. f3 Re7 29. Ne4 Rxe4 30. fxe4 Qxe4 31. Rf4 Qe6 32. Rd5 Rg3 33. Kf2 g5
34. Rff5 Qe4 35. Kxg3 Qh4+ 36. Kh2 1-0

[Event "K41 Aabent Mesterskab 2007-08"]
[Site "Valby"]
[Date "2007.11.13"]
[Round "1"]
[White "Truelsen, Ole Illum"]
[Black "Hou, Mads"]
[Result "1-0"]
[WhiteElo "1821"]
[BlackElo "1465"]
[PlyCount "53"]
[EventDate "2007.??.??"]

1. c4 d6 2. g3 Nf6 3. Bg2 e5 4. Nc3 c6 5. d4 Be7 6. e3 O-O 7. Nge2 Na6 8. O-O
Nc7 9. b3 Bd7 10. Bb2 Rc8 11. Qc2 Ne6 12. Rad1 Qa5 13. dxe5 dxe5 14. Ne4 Rfd8
15. Bc3 Qc7 16. f4 Ng4 17. Qc1 Ba3 18. Qxa3 Nxe3 19. Bxe5 Qb6 20. c5 Qa6 21.
Qb2 Nxd1 22. Rxd1 Nxf4 23. Nxf4 Bg4 24. Rxd8+ Rxd8 25. Bxg7 Rd1+ 26. Kf2 h5 27.
Bh6 1-0

[Event "K41 Aabent Mesterskab 2007-08"]
[Site "Valby"]
[Date "2007.11.13"]
[Round "1"]
[White "Walli, Aqil Raad"]
[Black "Laursen, Niels Norskov"]
[Result "0-1"]
[WhiteElo "1660"]
[BlackElo "2170"]
[PlyCount "119"]
[EventDate "2007.??.??"]

1. e4 c5 2. Nf3 e6 3. d4 cxd4 4. Nxd4 a6 5. Nc3 Qc7 6. Bd3 Nf6 7. Bd2 Bc5 8.
Nce2 Be7 9. O-O O-O 10. f4 d6 11. Kh1 Re8 12. Bc3 Nbd7 13. Nf3 b6 14. Qd2 Nc5
15. e5 Nfe4 16. Qe3 Nxc3 17. Nxc3 Nxd3 18. cxd3 b5 19. Rac1 Qa7 20. Qxa7 Rxa7
21. d4 Bb7 22. Nd2 Rd8 23. Ne2 dxe5 24. fxe5 Bg5 25. Rc2 Bd5 26. Nf4 Ba8 27.
Ne2 Rad7 28. Nf3 Be3 29. Rd1 h5 30. h3 g6 31. Rc3 Bh6 32. Nc1 Bb7 33. Nb3 Bd5
34. Nc5 Ra7 35. a3 a5 36. b3 b4 37. axb4 axb4 38. Rcd3 Ra2 39. Nd2 Rda8 40.
Nde4 Kf8 41. Kg1 Re2 42. Nf2 Raa2 43. Rf1 Be3 44. Rxe3 Rxe3 45. Rb1 Rg3 46.
Ncd3 g5 47. Ne1 g4 48. hxg4 hxg4 49. Kh2 Rxb3 50. Rxb3 Bxb3 51. Nfd3 Ra1 52.
Kg3 Bd5 53. Kf2 Ra2+ 54. Ke3 b3 55. Nb4 b2 56. Nxa2 Bxa2 57. Nd3 b1=Q 58. Nc5
Qc1+ 59. Kf2 Qf4+ 60. Ke2 0-1

[Event "K41 Aabent Mesterskab 2007-08"]
[Site "Valby"]
[Date "2007.11.27"]
[Round "2"]
[White "Abildgaard, Kenneth"]
[Black "Rasmussen, Janus Munck"]
[Result "0-1"]
[WhiteElo "1561"]
[BlackElo "1705"]
[PlyCount "92"]
[EventDate "2007.??.??"]

1. c4 c6 2. g3 Nf6 3. Bg2 d5 4. cxd5 cxd5 5. d3 Bf5 6. Nf3 e6 7. O-O Nc6 8. Qa4
Be7 9. Nd4 O-O 10. Nxc6 bxc6 11. Qxc6 Rc8 12. Qa4 Qb6 13. Nc3 Rfd8 14. Qb5 d4
15. Qxb6 axb6 16. Nb5 Rc2 17. Bf3 e5 18. b3 e4 19. dxe4 Nxe4 20. Bxe4 Bxe4 21.
Rd1 Rxe2 22. Kf1 d3 23. Nc3 Bf3 24. Be3 Rc2 25. Rdc1 Bf6 26. Bxb6 Bxc3 27. Bxd8
Bxa1 28. Rxa1 d2 29. Bg5 d1=Q+ 30. Rxd1 Bxd1 31. Be7 Bf3 32. Bg5 Rxa2 33. Ke1
Rb2 34. Be3 Rxb3 35. Kd2 f5 36. h4 Kf7 37. Bf4 Ke6 38. Kc2 Rb4 39. Kd3 Kd5 40.
Be3 Rb3+ 41. Kd2 Kc4 42. Bf4 Rd3+ 43. Kc2 Bd1+ 44. Kc1 Kb3 45. Be3 Bc2 46. Bd2
Rd4 0-1

[Event "K41 Aabent Mesterskab 2007-08"]
[Site "Valby"]
[Date "2007.11.27"]
[Round "2"]
[White "Brondum, Eric"]
[Black "Truelsen, Ole Illum"]
[Result "1-0"]
[WhiteElo "2111"]
[BlackElo "1821"]
[PlyCount "57"]
[EventDate "2007.??.??"]

1. Nf3 g6 2. e4 Bg7 3. d4 e6 4. Nc3 Ne7 5. Bg5 O-O 6. Qd2 b6 7. h4 Bb7 8. O-O-O
f6 9. Be3 d5 10. exd5 Nxd5 11. h5 Nxc3 12. Qxc3 g5 13. h6 Bh8 14. Qb3 Bd5 15.
c4 Be4 16. Bd3 Bxd3 17. Qxd3 Nd7 18. Rh5 Rf7 19. Bxg5 fxg5 20. Nxg5 Re7 21.
Nxh7 Rxh7 22. Qg6+ Bg7 23. Qxe6+ Kf8 24. hxg7+ Kxg7 25. Rxh7+ Kxh7 26. Qf7+ Kh6
27. Rh1+ Kg5 28. Rh5+ Kg4 29. Qf5# 1-0

[Event "K41 Aabent Mesterskab 2007-08"]
[Site "Valby"]
[Date "2007.11.27"]
[Round "2"]
[White "Hoj, Torben Kjaergaard"]
[Black "Ringsborg, Allan"]
[Result "1/2-1/2"]
[WhiteElo "1622"]
[BlackElo "1522"]
[PlyCount "56"]
[EventDate "2007.??.??"]

1. e4 e5 2. Bc4 Bc5 3. Nc3 d6 4. d3 h6 5. a3 Nf6 6. Na4 Nbd7 7. Nxc5 Nxc5 8.
Ne2 Be6 9. Bxe6 Nxe6 10. Ng3 g6 11. Be3 c5 12. h3 h5 13. Qd2 h4 14. Ne2 Nh5 15.
f4 exf4 16. Nxf4 Nexf4 17. Bxf4 Nxf4 18. Qxf4 Qe7 19. O-O-O Qe5 20. Rhf1 Qxf4+
21. Rxf4 Ke7 22. Rdf1 Raf8 23. Rf6 Rh5 24. R6f4 f6 25. c3 b5 26. b4 Rg5 27.
R1f2 Rg3 28. R4f3 Rxf3 1/2-1/2

[Event "K41 Aabent Mesterskab 2007-08"]
[Site "Valby"]
[Date "2007.12.07"]
[Round "2"]
[White "Hou, Mads"]
[Black "Jorgensen, Rasmus"]
[Result "1/2-1/2"]
[WhiteElo "1465"]
[BlackElo "1607"]
[PlyCount "90"]
[EventDate "2007.??.??"]

1. e4 g6 2. d4 Bg7 3. f4 d6 4. Be3 Nf6 5. Qd3 Nc6 6. Nf3 O-O 7. Nc3 Ng4 8. Bg1
a6 9. h3 Nf6 10. g4 b5 11. g5 Nh5 12. Bh2 Bb7 13. a3 e6 14. Nd1 Ne7 15. Nf2 c5
16. Be2 Qb6 17. c3 Nc6 18. Rd1 Rad8 19. O-O f5 20. d5 Ne7 21. Nh4 fxe4 22. Qxe4
Bxd5 23. Rxd5 exd5 24. Qe6+ Rf7 25. Bxh5 gxh5 26. f5 Qc6 27. f6 Qd7 28. Qxd7
Rxd7 29. Nd3 Ng6 30. Nxg6 hxg6 31. fxg7 Rxf1+ 32. Kxf1 Kxg7 33. Ke2 Re7+ 34.
Kd2 Re6 35. Nf4 Re5 36. Ne2 Rxg5 37. Bxd6 c4 38. h4 Rg4 39. Be7 Kf7 40. Bg5 Re4
41. Nd4 Ke8 42. Nc6 Re6 43. Nd4 Re4 44. Nc6 Rg4 45. Nd4 Re4 1/2-1/2

[Event "K41 Aabent Mesterskab 2007-08"]
[Site "Valby"]
[Date "2007.11.27"]
[Round "2"]
[White "Jorgensen, Kasper Moller"]
[Black "Rasmussen, Morten(1956)"]
[Result "1-0"]
[WhiteElo "1965"]
[BlackElo "1753"]
[PlyCount "101"]
[EventDate "2007.??.??"]

1. e4 e5 2. Nf3 Nf6 3. Nxe5 d6 4. Nf3 Nxe4 5. Nc3 Nxc3 6. dxc3 Be7 7. Be3 O-O
8. Qd2 Nc6 9. O-O-O a6 10. Nd4 Qd7 11. Be2 Ne5 12. h3 b5 13. Bf3 d5 14. Bf4 Nc4
15. Qd3 c6 16. Rhe1 Bd6 17. Bxd6 Qxd6 18. Kb1 Rb8 19. Re2 b4 20. Nxc6 Nxb2 21.
Qxd5 Qxd5 22. Rxd5 Na4 23. Nxb8 Nxc3+ 24. Kb2 Nxe2 25. Bxe2 Be6 26. Nc6 Bxd5
27. Ne7+ Kh8 28. Nxd5 a5 29. Kb3 Rd8 30. Bc4 Re8 31. Ka4 Re4 32. Ne3 f5 33. Bd3
Rf4 34. f3 g6 35. Kxa5 Kg7 36. Nc4 Kf6 37. Kxb4 Rd4 38. a4 Kg5 39. Kc3 Rd8 40.
g3 f4 41. gxf4+ Kxf4 42. Be4 Kg3 43. a5 Kxh3 44. a6 h5 45. a7 Kg3 46. a8=Q Rxa8
47. Bxa8 h4 48. Kd3 h3 49. Nd2 Kf2 50. f4 Kg3 51. Ke3 1-0

[Event "K41 Aabent Mesterskab 2007-08"]
[Site "Valby"]
[Date "2007.11.27"]
[Round "2"]
[White "Jorgensen, Orla Eilegaard"]
[Black "Christensen, Esben"]
[Result "0-1"]
[WhiteElo "1447"]
[BlackElo "1984"]
[PlyCount "100"]
[EventDate "2007.??.??"]

1. c4 Nf6 2. Nc3 g6 3. e4 d6 4. d4 Bg7 5. Nf3 c6 6. h3 O-O 7. Bg5 Qc7 8. Be2 e5
9. d5 c5 10. a3 a6 11. b4 Nbd7 12. b5 Nh5 13. Qd2 Nf4 14. O-O h6 15. Bh4 Nf6
16. Kh2 Qd7 17. Ng1 g5 18. Bg3 axb5 19. cxb5 N6h5 20. Bxf4 Nxf4 21. Bg4 Qd8 22.
Bxc8 Qxc8 23. g3 Ng6 24. a4 b6 25. Nge2 f5 26. f3 Qd7 27. Qc2 Ne7 28. Kg2 Rf7
29. Rf2 Raf8 30. Raf1 fxe4 31. Qxe4 Nf5 32. Kh2 Qa7 33. Kg2 Nd4 34. h4 gxh4 35.
gxh4 Kh8 36. Kh1 Qd7 37. Kh2 Rf5 38. Qg4 Qf7 39. Nxd4 exd4 40. Ne4 Qxd5 41. Rg1
Be5+ 42. Kh1 Qf7 43. Rfg2 Rxf3 44. Ng3 Rg8 45. Qh5 Qf4 46. Kh2 d3 47. a5 Rfxg3
48. Rxg3 Rxg3 49. Kh1 Rh3+ 50. Kg2 Rh2# 0-1

[Event "K41 Aabent Mesterskab 2007-08"]
[Site "Valby"]
[Date "2007.11.27"]
[Round "2"]
[White "Kristensen, Steffen Michael"]
[Black "Brorsen, Jacob Abildlund"]
[Result "0-1"]
[WhiteElo "1159"]
[BlackElo "1804"]
[PlyCount "30"]
[EventDate "2007.??.??"]

1. c4 f5 2. Nf3 Nf6 3. g3 g6 4. Bg2 Bg7 5. O-O O-O 6. d3 d6 7. Nc3 c6 8. Bg5
Qe8 9. Qd2 e5 10. e4 a5 11. a4 Na6 12. Bxf6 Bxf6 13. b3 f4 14. Rab1 g5 15. d4
g4 0-1

[Event "K41 Aabent Mesterskab 2007-08"]
[Site "Valby"]
[Date "2007.11.27"]
[Round "2"]
[White "Krogh, Soren"]
[Black "Eiholt, Bjarne"]
[Result "0-1"]
[WhiteElo "1087"]
[BlackElo "1538"]
[PlyCount "66"]
[EventDate "2007.??.??"]

1. Nf3 d5 2. c4 Nf6 3. d4 e6 4. Nc3 Be7 5. Bf4 a6 6. e3 O-O 7. Bd3 dxc4 8. Bxc4
b5 9. Bd3 Bb7 10. O-O Nbd7 11. Rc1 Rc8 12. Ne5 c5 13. Qe2 c4 14. Bb1 Nb6 15. f3
Nbd5 16. Bg3 Qb6 17. f4 Nxc3 18. bxc3 Ba3 19. Rc2 Rcd8 20. Bh4 Be7 21. Rb2 Qc7
22. Bxf6 Bxf6 23. Qh5 g6 24. Qh6 Bg7 25. Qh4 Qa5 26. Rb4 Qa3 27. e4 Qxc3 28.
Rf3 Qxb4 29. Rh3 Qxb1+ 30. Kf2 Qc2+ 31. Ke1 Qxe4+ 32. Kf1 Qxg2+ 33. Ke1 Qe4+
0-1

[Event "K41 Aabent Mesterskab 2007-08"]
[Site "Valby"]
[Date "2007.11.27"]
[Round "2"]
[White "Marshall, Michael"]
[Black "Madsen, Poul Henrik"]
[Result "0-1"]
[WhiteElo "1814"]
[BlackElo "2100"]
[PlyCount "108"]
[EventDate "2007.??.??"]

1. d4 d5 2. Nf3 c6 3. e3 Bg4 4. c4 e6 5. Qb3 Qc7 6. Ne5 Bh5 7. Nc3 f6 8. Nf3
Be7 9. Bd2 Nd7 10. Rc1 Bf7 11. cxd5 exd5 12. Bd3 Qb6 13. O-O Qxb3 14. axb3 g6
15. Na4 f5 16. Nc5 Nxc5 17. dxc5 Nf6 18. Bc3 O-O 19. Bd4 Ne4 20. Rfd1 Be6 21.
b4 a6 22. Nd2 Nxd2 23. Rxd2 Bd7 24. Ra1 Rae8 25. f4 Bf6 26. Kf2 Kf7 27. g3 g5
28. Bxf6 Kxf6 29. Re1 Rg8 30. Rdd1 Rg6 31. Bc2 Reg8 32. Rg1 Rh6 33. Rh1 Be6 34.
Rd4 Rh3 35. fxg5+ Rxg5 36. Kg2 Rh6 37. h4 Rg7 38. Kf2 Ke5 39. Rf4 Rg4 40. Rxg4
fxg4 41. Ke2 Rh5 42. Rf1 Bf5 43. Bxf5 Rxf5 44. Rxf5+ Kxf5 45. Kd3 Ke5 46. b3 h5
47. Kd2 Ke4 48. Ke2 d4 49. exd4 Kxd4 50. Kd2 a5 51. bxa5 Kxc5 52. Kc3 Kb5 53.
b4 c5 54. bxc5 Kxc5 0-1

[Event "K41 Aabent Mesterskab 2007-08"]
[Site "Valby"]
[Date "2007.11.27"]
[Round "2"]
[White "Mikkelsen, Henning Peter"]
[Black "Hansen, Soren Otto"]
[Result "0-1"]
[WhiteElo "1287"]
[BlackElo "1541"]
[PlyCount "82"]
[EventDate "2007.??.??"]

1. d4 d5 2. e4 dxe4 3. Nc3 Nf6 4. f3 exf3 5. Qxf3 Nc6 6. Bb5 Bd7 7. Be3 Nxd4 8.
Bxd4 Bxb5 9. Nxb5 c6 10. O-O-O Qa5 11. Nc3 e5 12. Qe2 Bd6 13. Nf3 O-O 14. Bf2
Bb4 15. Qc4 Rfe8 16. Kb1 b5 17. Qb3 c5 18. a3 Bxc3 19. Qxc3 Qxc3 20. bxc3 Ne4
21. Be1 a5 22. g4 b4 23. axb4 axb4 24. cxb4 cxb4 25. Rd7 Nc3+ 26. Kb2 Ra2+ 27.
Kc1 f6 28. Rb7 Ra1+ 29. Kd2 e4 30. Nd4 e3+ 31. Kd3 Rd1+ 32. Kc4 Rc8+ 33. Kxb4
Rxd4+ 34. Kb3 Rd1 35. Bxc3 Rxh1 36. g5 Rb1+ 37. Bb2 e2 38. gxf6 e1=Q 39. Rxg7+
Kf8 40. f7 Rxb2+ 41. Kxb2 Qc3+ 0-1

[Event "K41 Aabent Mesterskab 2007-08"]
[Site "Valby"]
[Date "2007.11.27"]
[Round "2"]
[White "Moller, Arne Vagn"]
[Black "Lofberg, Jan"]
[Result "1/2-1/2"]
[WhiteElo "1723"]
[BlackElo "1918"]
[PlyCount "55"]
[EventDate "2007.??.??"]

1. e4 c5 2. Nf3 Nc6 3. d4 cxd4 4. Nxd4 Nf6 5. Nc3 e6 6. Be3 Bb4 7. Nxc6 bxc6 8.
Bd3 d5 9. e5 d4 10. Bd2 Nd5 11. Ne4 Be7 12. Qg4 g6 13. O-O f5 14. exf6 Nxf6 15.
Nxf6+ Bxf6 16. Bb4 Kf7 17. Bc4 Qb6 18. Ba3 Re8 19. Rad1 Kg7 20. Bd3 c5 21. Be4
Rb8 22. b3 e5 23. Qg3 Ba6 24. Rfe1 Qa5 25. Bc1 Qd8 26. Qh3 Bg5 27. Bxg5 Qxg5
28. Qd7+ 1/2-1/2

[Event "K41 Aabent Mesterskab 2007-08"]
[Site "Valby"]
[Date "2007.11.27"]
[Round "2"]
[White "Nielsen, John Holm"]
[Black "Hansen, John Laurids"]
[Result "1-0"]
[WhiteElo "1877"]
[BlackElo "1660"]
[PlyCount "69"]
[EventDate "2007.??.??"]

1. Nc3 e5 2. Nf3 Nc6 3. e4 Nf6 4. d4 exd4 5. Nd5 h6 6. Nxd4 Bc5 7. Be3 Bxd4 8.
Bxd4 Nxd4 9. Qxd4 Nxd5 10. exd5 O-O 11. O-O-O d6 12. Bd3 Bf5 13. Rhe1 Bxd3 14.
Rxd3 Re8 15. Rxe8+ Qxe8 16. Re3 Qd7 17. Qe4 Rc8 18. f4 b6 19. f5 Qd8 20. Kd2
Kf8 21. h4 a5 22. a4 Qd7 23. f6 Kg8 24. Rg3 g6 25. h5 g5 26. Re3 Qd8 27. Qf5 c6
28. Re7 Rc7 29. Qe4 Rc8 30. Rxf7 Kxf7 31. Qg6+ Kf8 32. Qg7+ Ke8 33. f7+ Kd7 34.
f8=Q+ Qe7 35. Qgxe7# 1-0